000 00566nam a22001817a 4500
005 20231113060837.0
008 231113b |||||||| |||| 00| 0 eng d
020 _a0702160741
041 _aEnglish
082 _a346.1 BUR
100 _lEnglish
245 _aThe Fate of the Child :
_bLegal decisions on children in the new South Africa /
_cedited by Sandra Burman
250 _aFirst Edition
260 _aCape Town :
_bJuta Law,
_c2003
300 _b193 pages,
_c25,5 cm.
650 _aLegal practice
_bLaw
942 _cBK
_6ALISON_BN_VRIES
999 _c533
_d533